书目信息 |
| 题名: |
你不必讨全世界的欢心
|
|
| 作者: | 菠菜 著 | |
| 分册: | ||
| 出版信息: | 北京 中国友谊出版公司 2016 |
|
| 页数: | 265页 | |
| 开本: | 21cm | |
| 丛书名: | ||
| 单 册: | ||
| 中图分类: | C913.1 | |
| 科图分类: | ||
| 主题词: | 爱情--ai qing--通俗读物 , 婚姻--hun yin--通俗读物 | |
| 电子资源: | ||
| ISBN: | 978-7-5057-3655-9 | |
| 000 | 00780nam0 22002411 450 | |
| 001 | 1738569041 | |
| 005 | 20170627164549.0 | |
| 010 | @a978-7-5057-3655-9@dCNY35.00 | |
| 100 | @a20160401d2016 em y0chiy50 ea | |
| 101 | 0 | @achi |
| 102 | @aCN@b110000 | |
| 105 | @ay z 000yy | |
| 106 | @ar | |
| 200 | 1 | @a你不必讨全世界的欢心@9ni bu bi tao quan shi jie de huan xin@f菠菜著 |
| 210 | @a北京@c中国友谊出版公司@d2016 | |
| 215 | @a265页@d21cm | |
| 330 | @a本书内容包括:过日子就是多一个人玩耍,合则聚,不合则散;姑娘,你图的是什么;黑历史要不要坦白;关于表白的点点滴滴等。 | |
| 606 | 0 | @a爱情@9ai qing@j通俗读物 |
| 606 | 0 | @a婚姻@9hun yin@j通俗读物 |
| 690 | @aC913.1@v5 | |
| 701 | 0 | @a菠菜@9bo cai@4著 |
| 801 | 0 | @aCN@bTANGWEI@c20170620 |
| 905 | @b1015021-6@dC913.1@e1050@f6 | |
| 你不必讨全世界的欢心/菠菜著.-北京:中国友谊出版公司,2016 |
| 265页;21cm |
| ISBN 978-7-5057-3655-9:CNY35.00 |
| 本书内容包括:过日子就是多一个人玩耍,合则聚,不合则散;姑娘,你图的是什么;黑历史要不要坦白;关于表白的点点滴滴等。 |
| ● |
| 相关链接 |
|
|
|
|
正题名:你不必讨全世界的欢心
索取号:C913.1/1050
 
预约/预借
| 序号 | 登录号 | 条形码 | 馆藏地/架位号 | 状态 | 备注 |
| 1 | 1015021 | 210150218 | 第一样本阅览室/ [索取号:C913.1/1050] | 在馆 | |
| 2 | 1015022 | 210150227 | 教育系资料室/ [索取号:C913.1/1050] | 在馆 | |
| 3 | 1015023 | 210150236 | 教育系资料室/ [索取号:C913.1/1050] | 在馆 | |
| 4 | 1015024 | 210150245 | 教育系资料室/ [索取号:C913.1/1050] | 在馆 | |
| 5 | 1015025 | 210150254 | 第一借阅区/ [索取号:C913.1/1050] | 在馆 | |
| 6 | 1015026 | 210150263 | 第一借阅区/ [索取号:C913.1/1050] | 在馆 |